Анализ микроструктуры и микротвердости интерметаллидного материала системы Ni-Cr-Al, полученного методом электронно-лучевого аддитивного производства; Перспективы развития фундаментальных наук; Т. 1 : Физика

Detaylı Bibliyografya
Parent link:Перспективы развития фундаментальных наук=Prospects of Fundamental Sciences Development: сборник научных трудов XXI Международной конференции студентов, аспирантов и молодых ученых, г. Томск, 23-26 апреля 2024 г./ Национальный исследовательский Томский политехнический университет ; под ред. И. А. Курзиной [и др.].— .— Томск: Изд-во ТПУ
Т. 1 : Физика.— 2024.— С. 224-226
Yazar: Лысунец М. А.
Müşterek Yazar: Национальный исследовательский Томский политехнический университет (570)
Diğer Yazarlar: Загибалова Е. А. (научный руководитель), Астапов Д. О., Астафурова Е. Г. Елена Геннадьевна
Özet:Заглавие с экрана
By applying the method of electron beam additive manufacturing, there were obtained samples of two intermetallic alloys of the Ni-Cr-Al system. In the course of the study, there were studied the features of their microstructure and microhardness. It has been established that the ratio of NiCr and Al components fed in the process of additive manufacturing of intermetallics determines the morphology of the structure of the resulting blanks and their microhardness
Текстовый файл
Dil:Rusça
Baskı/Yayın Bilgisi: 2024
Konular:
Online Erişim:http://earchive.tpu.ru/handle/11683/80584
Materyal Türü: Elektronik Kitap Bölümü
KOHA link:https://koha.lib.tpu.ru/cgi-bin/koha/opac-detail.pl?biblionumber=674436

MARC

LEADER 00000naa2a2200000 4500
001 674436
005 20241007144107.0
090 |a 674436 
100 |a 20240909d2024 k||y0rusy50 ca 
101 0 |a rus 
102 |a RU 
135 |a drcn ---uucaa 
200 1 |a Анализ микроструктуры и микротвердости интерметаллидного материала системы Ni-Cr-Al, полученного методом электронно-лучевого аддитивного производства  |d Analysis of the microstructure and microhardness of the intermetallic material Ni-Cr-Al obtained by the electron-beam additive manufacturing  |f М. А. Лысунец, Е. А. Загибалова, Д. О. Астапов  |g науч. рук. Е. Г. Астафурова ; Национальный исследовательский Томский политехнический университет  |z eng 
300 |a Заглавие с экрана 
320 |a Список литературы: 4 назв. 
330 |a By applying the method of electron beam additive manufacturing, there were obtained samples of two intermetallic alloys of the Ni-Cr-Al system. In the course of the study, there were studied the features of their microstructure and microhardness. It has been established that the ratio of NiCr and Al components fed in the process of additive manufacturing of intermetallics determines the morphology of the structure of the resulting blanks and their microhardness 
336 |a Текстовый файл 
461 1 |0 674010  |t Перспективы развития фундаментальных наук  |l Prospects of Fundamental Sciences Development  |o сборник научных трудов XXI Международной конференции студентов, аспирантов и молодых ученых, г. Томск, 23-26 апреля 2024 г.  |9 674010  |c Томск  |n Изд-во ТПУ  |f Национальный исследовательский Томский политехнический университет ; под ред. И. А. Курзиной [и др.] 
463 1 |0 674235  |t Т. 1 : Физика  |v С. 224-226  |d 2024  |9 674235  |p 1 файл (66,9 MB, 392 с.)  |u conference_tpu-2024-C21_V1.pdf  |l Vol. 1 : Physics 
610 1 |a труды учёных ТПУ 
610 1 |a электронный ресурс 
610 1 |a микротвердость 
610 1 |a аддитивное производство 
610 1 |a промышленные проволоки 
610 1 |a метод Виккерса 
610 1 |a интерметаллидные сплавы 
700 1 |a Лысунец  |b М. А. 
701 1 |a Загибалова  |b Е. А. 
701 1 |a Астапов  |b Д. О. 
702 1 |a Астафурова  |b Е. Г.  |c химик  |c младший научный сотрудник Томского политехнического университета, кандидат физико-математических наук  |f 1977-  |g Елена Геннадьевна  |4 727 
712 0 2 |a Национальный исследовательский Томский политехнический университет  |c (2009- )  |9 26305  |4 570 
801 0 |a RU  |b 63413507  |c 20240909  |g RCR 
856 4 |z http://earchive.tpu.ru/handle/11683/80584  |u http://earchive.tpu.ru/handle/11683/80584 
942 |c CF